|
|
|
|
| LEADER |
00856cam a2200217 7i4500 |
| 001 |
0000030773 |
| 005 |
20170218090000.0 |
| 020 |
|
|
|a 9780470233306 (hbk.)
|
| 090 |
0 |
0 |
|a TK101
|b .R47 2009
|
| 245 |
0 |
0 |
|a Real-time stability assessment in modern power system control centers
|c edited by Savu C. Savulescu.
|
| 260 |
|
|
|a Hoboken, N.J.:
|b John Wiley & Sons, Inc.,
|c 2009.
|
| 300 |
|
|
|a xxviii, 425 p.:
|b ill., maps;
|c 24 cm.
|
| 490 |
0 |
|
|a IEEE Press series on power engineering
|
| 650 |
0 |
0 |
|a Real-time control
|
| 650 |
0 |
0 |
|a Electric power systems --
|x Control
|
| 650 |
0 |
0 |
|a Electric power systems stability
|
| 700 |
1 |
|
|a Savulescu, Savu C
|
| 997 |
|
|
|a Engineering, Faculty
|b Engineering, Department
|
| 998 |
|
|
|a Electrical Engineering, Degree
|
| 998 |
|
|
|a Electrical & Electronic Engineering, Diploma
|
| 999 |
|
|
|a 0000035244
|b BOK
|c OPEN SHELF
|e 2nd Floor, Bestari Jaya
|